| 000 | 00683nam a2200193 4500 | ||
|---|---|---|---|
| 001 | 149078 | ||
| 003 | ES-MaACL | ||
| 007 | t| | ||
| 008 | 070214s1974 sp r ||||1| spa d | ||
| 100 | 1 |
_aSwann, Dennis. _9108921 |
|
| 245 | 1 | 3 |
_aLa economía del Mercado Común / _cDennis Swann ; versión... de Enrique Fontana Llopis. |
| 260 |
_a[Madrid] : _bAlianza, _c[1974] ( _fClosas-Orcoyen) |
||
| 300 |
_a230 p. ; _c20 cm. |
||
| 490 | 1 | _aAlianza Universidad. Curso de Economía moderna | |
| 700 | 1 |
_aFontana Llopis, Enrique. _951603 |
|
| 830 | 0 | 0 |
_aAlianza universidad. _pCurso de economía moderna _9182907 |
| 852 |
_aES-MaACL _jE-6892 _bR.91256 |
||
| 999 |
_c149078 _d149078 |
||